000 00686nam a2200241Ia 4500
003 OSt
005 20220927105404.0
006 a|||||r|||| 00| 0
007 ta
008 220926b |||||||| |||| 00| 0 eng d
024 _a191779
037 _cReference Collections
040 _aRTL
_cRTL
_beng
041 _2eng
_aeng
082 _a"X71.237, GD"
110 _a"RAJASTHAN, FINANCE (M/o-)"
_9372131
245 0 _aBudget
_b Rajasthan
260 _aRajasthan
_bGovt. Press
490 _v01362730- Pt.1: 2011-12 (various pagination)
700 _a"RAJASTHAN, FINANCE (M/o-)"
_9372132
942 _h"X71.237, GD"
_cCC
999 _c692265
_d692265